Every D1 NCAA College in Michigan - Statistics

General Stats
  • This quiz has been taken 16 times
  • The average score is 6 of 7
Answer Stats
Hint Answer % Correct
Chippewas Central Michigan
100%
Eagles Eastern Michigan
100%
Wolverines Michigan
100%
Spartans Michigan State
100%
Broncos Western Michigan
100%
Titans Detroit Mercy
77%
Golden Grizzlies Oakland
69%
No matching quizzes found
Score Distribution
Percent of People with Each Score
Percentile by Number Answered
Your Score History
You have not taken this quiz